000 01127nam a22002897a 4500
999 _c480
_d480
001 003767
003 CoMeUDC003767
005 20181217222534.0
008 120301s2011 ck gr 000 0dspa d
015 _ack-2011-xxxx
020 _a9789587310702
040 _aCO-BoBLA
_bspa
_cCoMeUDC
041 0 _aspa
043 _as-ck---
082 0 4 _a346
_bM473
_221
245 0 0 _aDe la responsabilidad civil y comercial :
_bincidencias, en lo mercantil, de los cambios en la legislación civil y reflexiones sobre las SAS. /
260 _aMedellín :
_bColegios de Abogados de Medellín :
_bCámara de Comercio de Medellín ;
_aBogotá :
_bUniversidad Externado de Colombia :
_bBiblioteca Jurídica Dike,
_c2011.
300 _a227 p ;
_c24 cm.
490 _aBiblioteca jurídica Dike. Justicia en griego
504 _aIncluye bibliografías.
650 4 _aSociedad por acciones simplificadas
_z Colombia.
650 _aResponsabilidad civil
_z Colombia.
650 _aDerecho comercial
_z Colombia.
650 4 _aSociedad por acciones simplificadas
_x Legislación
_z Colombia.
942 _2ddc
_cBK
949 _an
_bn